000 00676nam a2200277Ia 4500
005 20260324133646.0
008 008 260324s9999 xx 000 0 eng d
020 _a9781315015927
037 _aEBOOK
040 _aCRL
040 _beng
040 _cCRL
041 _2eng
041 _aeng
084 _qCRL
100 _aFrancis Barker; Peter Hulme; Margaret Iversen; Diana Loxley
_91193908
245 0 _aLiterature Politics & Theory
260 _bTaylor and Francis
260 _c2003
365 _a
365 _b420
856 _uhttp://www.taylorfrancis.com/books/9781315015927
942 _cEBOOK
999 _c1793196
_d1793196